000 00631nam a2200241Ia 4500
005 20250425162520.0
008 250425s9999 xx 000 0 und d
020 _a0072294337
041 _aeng
082 _a658.15
100 _aGRINBLATT, MARK
245 0 _aFINANCIAL MARKETS AND CORPORATE STRATEGY
250 _a2ND ED.
260 _aEstados Unidos
_bMCGRAW-HILL
_c2002
260 _aS.L.
300 _a880
500 _adonación por Ivonne Adum .
650 _aADMINISTRACION FINANCIERA
650 _aESTRATEGIAS
710 _aMCGRAW-HILL YEARBOOK OF SCIENCE AND TECHNOLOGY
942 _c01
010 _a80803
999 _c230800
_d230800